<?xml version="1.0" encoding="UTF-8"?>
<marc:record xmlns:marc="http://www.loc.gov/MARC21/slim">
   <marc:leader>00000nam a2200000 a 4500</marc:leader>
   <marc:datafield ind1="1" ind2=" " tag="100">
      <marc:subfield code="a">Chevalier, François</marc:subfield>
      <marc:subfield code="4">aut</marc:subfield>
      <marc:subfield code="e">Verfasser/-in</marc:subfield>
   </marc:datafield>
   <marc:datafield ind1=" " ind2=" " tag="653">
      <marc:subfield code="a">Geschichte Anfänge-2018</marc:subfield>
   </marc:datafield>
   <marc:datafield ind1=" " ind2=" " tag="653">
      <marc:subfield code="a">Seeschifffahrt</marc:subfield>
   </marc:datafield>
   <marc:datafield ind1=" " ind2=" " tag="653">
      <marc:subfield code="a">Schifffahrtsweg</marc:subfield>
   </marc:datafield>
   <marc:datafield ind1=" " ind2=" " tag="653">
      <marc:subfield code="a">christoph kolumbus</marc:subfield>
   </marc:datafield>
   <marc:datafield ind1=" " ind2=" " tag="653">
      <marc:subfield code="a">segeln</marc:subfield>
   </marc:datafield>
   <marc:datafield ind1=" " ind2=" " tag="653">
      <marc:subfield code="a">magellan</marc:subfield>
   </marc:datafield>
   <marc:datafield ind1=" " ind2=" " tag="653">
      <marc:subfield code="a">vasco da gama</marc:subfield>
   </marc:datafield>
   <marc:datafield ind1=" " ind2=" " tag="653">
      <marc:subfield code="a">entdecker</marc:subfield>
   </marc:datafield>
   <marc:datafield ind1=" " ind2=" " tag="653">
      <marc:subfield code="a">ferdinand magellan</marc:subfield>
   </marc:datafield>
   <marc:datafield ind1=" " ind2=" " tag="653">
      <marc:subfield code="a">seefahrer</marc:subfield>
   </marc:datafield>
   <marc:datafield ind1=" " ind2=" " tag="653">
      <marc:subfield code="a">kolumbus reisen</marc:subfield>
   </marc:datafield>
   <marc:datafield ind1=" " ind2=" " tag="653">
      <marc:subfield code="a">seewege</marc:subfield>
   </marc:datafield>
   <marc:datafield ind1=" " ind2=" " tag="653">
      <marc:subfield code="a">zeitalter der entdeckungen</marc:subfield>
   </marc:datafield>
   <marc:datafield ind1=" " ind2=" " tag="653">
      <marc:subfield code="a">Softcover / Sachbücher/Natur</marc:subfield>
   </marc:datafield>
   <marc:datafield ind1=" " ind2=" " tag="653">
      <marc:subfield code="a">Technik/Natur</marc:subfield>
   </marc:datafield>
   <marc:datafield ind1=" " ind2=" " tag="653">
      <marc:subfield code="a">Gesellschaft</marc:subfield>
   </marc:datafield>
   <marc:datafield ind1="0" ind2="0" tag="245">
      <marc:subfield code="a">Atlas der legendären Seewege</marc:subfield>
   </marc:datafield>
   <marc:datafield ind1="0" ind2="0" tag="245">
      <marc:subfield code="c">Text François Chevalier ; Illustrationen Laura Acquaviva ; aus dem Französischen von Felix Mayer und Regine Schmidt</marc:subfield>
   </marc:datafield>
   <marc:datafield ind1=" " ind2="1" tag="264">
      <marc:subfield code="a">Bielefeld</marc:subfield>
      <marc:subfield code="b">Delius Klasing</marc:subfield>
   </marc:datafield>
   <marc:datafield ind1=" " ind2=" " tag="250">
      <marc:subfield code="a">1. Auflage</marc:subfield>
   </marc:datafield>
   <marc:datafield ind1="1" ind2=" " tag="520">
      <marc:subfield code="a">Angaben aus der Verlagsmeldung

Atlas der legendären Seewege / von François Chevalier

Mit Seefahrern und Entdeckern unterwegs

Mit dem Finger auf der Landkarte die Ozeane der Welt bereisen, sich dabei an Bord berühmter Segelschiffe träumen und an der Seite großer Entdecker neue Welten erkunden: Alles, was sie dafür brauchen, ist dieses Buch.

Unerreichbare Kontinente, waghalsige Abenteurer, technischer Fortschritt und neue Welten sind in einem Buch immer nur ein Umblättern entfernt. Der Atlas der legendären Seewege nimmt Sie mit an Bord von Vasco da Gama und lässt Sie erleben, wie es sich anfühlt, ins Unbekannte zu segeln. Mit den legendären Teeklippern reisen Sie um die Welt, mit immer schnelleren Segelschiffen knüpfen Sie ein Handelsnetz und sorgen für den Reichtum von Nationen. Das Kielwasser der Brigantinen, Frachter und modernen Expeditionsschiffe ist angefüllt mit Wissen und aufregenden Abenteuern.

Die Geschichte der Schifffahrt von den Entdeckern bis zu Großregatten

Das Zeitalter von Christoph Kolumbus, Vasco da Gama und Magellan war erst der Anfang. François Chevalier erzählt in seinem Buch Atlas der legendären Seewege von den allerersten Entdeckungen, dem Bau der ersten Kanäle und spannt den Bogen bis hin zu heute andauernden Polarexpeditionen und Großregatten.

• Wunderschön gestaltetes bibliophiles Sachbuch voller Karten und Diagramme
• Schifffahrtsrouten im historischen Kontext
• Berühmte Entdecker, Abenteurer und Kapitäne
• Wichtige nautische Entdeckungen und Erfindungen

Bücher und Atlanten waren seit jeher perfekte Vehikel, um Fernweh, Abenteuerlust und Neugier zu befriedigen. Der Atlas der legendären Seewege erfüllt die Wünsche und Sehnsüchte von Fernwehmenschen in perfekter Manier. Segel setzen und losblättern!

</marc:subfield>
   </marc:datafield>
   <marc:datafield ind1=" " ind2=" " tag="020">
      <marc:subfield code="a">9783667114136</marc:subfield>
      <marc:subfield code="9">9783667114136</marc:subfield>
   </marc:datafield>
   <marc:datafield ind1=" " ind2=" " tag="020">
      <marc:subfield code="a">3667114133</marc:subfield>
      <marc:subfield code="9">3667114133</marc:subfield>
   </marc:datafield>
   <marc:datafield ind1=" " ind2=" " tag="041">
      <marc:subfield code="a">ger</marc:subfield>
   </marc:datafield>
   <marc:datafield ind1=" " ind2=" " tag="300">
      <marc:subfield code="a">221 Seiten</marc:subfield>
   </marc:datafield>
</marc:record>
